[Event "BPB Limburg-open C"]
[Site "Maastricht"]
[Date "2015.05.24"]
[Round "4"]
[White "Woyave, Pascal"]
[Black "Elisen, Peter"]
[Result "0-1"]
[WhiteElo "1558"]
[BlackElo "1500"]
[PlyCount "84"]
[EventDate "2015.05.22"]
[EventType "swiss"]
[EventRounds "7"]
[EventCountry "NED"]
[Source "P.Boonen"]
[SourceDate "2015.01.01"]

1. c4 f5 2. b3 Nf6 3. Bb2 e6 4. g3 Be7 5. Bg2 O-O 6. Nf3 c5 7. Nc3 Nc6 8. O-O
d5 9. cxd5 exd5 10. d4 cxd4 11. Nxd4 Ne4 12. Nxc6 bxc6 13. Rc1 Bb7 14. e3 Bf6
15. Re1 Qe7 16. Re2 Rad8 17. Qc2 Qf7 18. Nd1 Qh5 19. f3 Bxb2 20. Nxb2 Ng5 21.
Rf2 Rf6 22. h4 Ne6 23. Nd3 g5 24. hxg5 Qxg5 25. Nf4 Nxf4 26. gxf4 Qg3 27. Qc5
Re8 28. Qxa7 Ba8 29. Kf1 Qh4 30. Ke2 Qxf4 31. Rd1 Rfe6 32. Kf1 Qxe3 33. Qxe3
Rxe3 34. Bh3 f4 35. Rc1 R8e7 36. b4 Bb7 37. a4 Ba6+ 38. Kg1 Re1+ 39. Rxe1 Rxe1+
40. Kh2 d4 41. Rd2 Re2+ 42. Rxe2 Bxe2 0-1

[Event "BPB Limburg-open C"]
[Site "Maastricht"]
[Date "2015.05.24"]
[Round "4.23"]
[White "Nguyen, Lucas"]
[Black "Rogge, Parcival"]
[Result "1-0"]
[WhiteElo "1552"]
[BlackElo "1185"]
[PlyCount "135"]
[EventDate "2015.05.22"]
[EventType "swiss"]
[EventRounds "7"]
[EventCountry "NED"]
[Source "P.Boonen"]
[SourceDate "2015.01.01"]

1. e4 d6 2. Bc4 Nf6 3. Nc3 c6 4. a4 g6 5. d4 Bg7 6. Bg5 Qa5 7. Qd2 O-O 8. Nge2
Bg4 9. f3 Bd7 10. O-O e6 11. f4 c5 12. e5 Ne8 13. Be7 cxd4 14. Qxd4 Nc6 15. b4
Qxb4 16. Bxd6 Nxd6 17. Qxd6 Qxd6 18. exd6 Rac8 19. Bd3 Nd4 20. Ra3 Nxe2+ 21.
Nxe2 Rc6 22. Be4 Rxd6 23. Bxb7 Rd2 24. Bf3 Rxc2 25. Rb1 Rc4 26. a5 Rc7 27. Rab3
Bc8 28. Bb7 Rd8 29. Bxc8 Rdxc8 30. Rb7 Bf8 31. Kf2 Rc2 32. Kf3 R2c7 33. Nd4 Bc5
34. Ke4 Bd6 35. a6 Bc5 36. Nb5 Rxb7 37. axb7 Rb8 38. Rc1 Bf8 39. Rc7 Kg7 40.
Nxa7 Bd6 41. Rd7 Kf8 42. Nc6 f5+ 43. Kf3 Ke8 44. Nxb8 Bxb8 45. Rd1 Ke7 46. Rc1
Ba7 47. Rc8 Kd7 48. b8=Q Bxb8 49. Rxb8 Kc7 50. Rh8 Kd6 51. Rxh7 e5 52. fxe5+
Kxe5 53. g4 fxg4+ 54. Kxg4 Kf6 55. Ra7 Ke5 56. Kg5 Ke4 57. Kxg6 Kf4 58. h4 Ke5
59. h5 Kd5 60. h6 Ke5 61. h7 Kd5 62. h8=Q Ke4 63. Ra4+ Kd3 64. Qd4+ Ke2 65.
Ra2+ Kf3 66. Rf2+ Kg3 67. Qf4+ Kh3 68. Rh2# 1-0

[Event "BPB Limburg-open C"]
[Site "Maastricht"]
[Date "2015.05.24"]
[Round "5"]
[White "Akulov, Lev"]
[Black "Zhang, Martin"]
[Result "0-1"]
[WhiteElo "1611"]
[BlackElo "1704"]
[PlyCount "90"]
[EventDate "2015.05.22"]
[EventType "swiss"]
[EventRounds "7"]
[EventCountry "NED"]
[Source "P.Boonen"]
[SourceDate "2015.01.01"]

1. e4 e5 2. Nf3 Nc6 3. d4 exd4 4. Bc4 Nf6 5. O-O Nxe4 6. Re1 d5 7. Bxd5 Qxd5 8.
Nc3 Qh5 9. Nxe4 Be6 10. Bg5 Bb4 11. c3 dxc3 12. bxc3 Ba5 13. Qd3 O-O 14. Nc5
Bb6 15. Nxe6 fxe6 16. Be3 Rxf3 17. gxf3 Ne5 18. Qd1 Nxf3+ 19. Kg2 Nxe1+ 20.
Qxe1 Rf8 21. Bxb6 Qf3+ 22. Kg1 Qg4+ 23. Kf1 axb6 24. Qd2 Qh4 25. Kg1 Rf5 26.
Qe2 Kf7 27. Re1 Rg5+ 28. Kh1 Qg4 29. f3 Qf5 30. c4 Kf6 31. Qb2+ e5 32. Qe2 Qe6
33. Qe4 Qc6 34. Qe2 Qc5 35. Rf1 g6 36. Re1 Rf5 37. Rf1 Rf4 38. Rc1 b5 39. Qd3
Rd4 40. Qe2 bxc4 41. Kg2 c3 42. Kg3 Rd2 43. Qe1 Qd4 44. a4 Qf4+ 45. Kh3 Rxh2#
0-1

[Event "BPB Limburg-open C"]
[Site "Maastricht"]
[Date "2015.05.24"]
[Round "5"]
[White "Akulov, Mikhail"]
[Black "Zheng, Jimmy"]
[Result "1-0"]
[WhiteElo "1272"]
[BlackElo "900"]
[PlyCount "87"]
[EventDate "2015.05.22"]
[EventType "swiss"]
[EventRounds "7"]
[EventCountry "NED"]
[Source "P.Boonen"]
[SourceDate "2015.01.01"]

1. e4 e5 2. Nf3 Nc6 3. d4 exd4 4. Bc4 Bc5 5. c3 Nf6 6. e5 Ng4 7. cxd4 Bb4+ 8.
Nc3 d6 9. h3 Nh6 10. Bxh6 gxh6 11. Qd2 dxe5 12. d5 Na5 13. Bb5+ Bd7 14. Bxd7+
Qxd7 15. O-O O-O-O 16. Rad1 Rhg8 17. Qxh6 Rg6 18. Qxh7 Rdg8 19. g3 Bc5 20. Kg2
Nc4 21. Ne4 Be7 22. b3 f5 23. bxc4 fxe4 24. Nxe5 R8g7 25. Qxg7 Rxg7 26. Nxd7
Kxd7 27. Rfe1 e3 28. Rxe3 Bc5 29. Re6 Rf7 30. f4 Bd6 31. h4 Rg7 32. Rf1 Be7 33.
h5 Rh7 34. g4 Rg7 35. Kh3 Rh7 36. h6 c6 37. g5 Rh8 38. Kg4 Ke8 39. Rfe1 Rh7 40.
g6 Rxh6 41. Rxe7+ Kf8 42. Kg5 Rh8 43. Kf6 Rg8 44. Re8# 1-0

[Event "BPB Limburg-open C"]
[Site "Maastricht"]
[Date "2015.05.24"]
[Round "5"]
[White "Akulova, Alicia"]
[Black "Schroeder, Janina"]
[Result "1-0"]
[WhiteElo "1514"]
[BlackElo "1422"]
[PlyCount "71"]
[EventDate "2015.05.22"]
[EventType "swiss"]
[EventRounds "7"]
[EventCountry "NED"]
[Source "P.Boonen"]
[SourceDate "2015.01.01"]

1. e4 e5 2. Nf3 Nc6 3. d4 exd4 4. Bc4 Bb4+ 5. c3 dxc3 6. bxc3 Be7 7. Qd5 Nh6 8.
Bxh6 Rf8 9. Bxg7 d6 10. Bxf8 Be6 11. Bxe7 Qxe7 12. Qd3 a6 13. Nbd2 Bd7 14. O-O
f6 15. Rfe1 Na5 16. Qd5 Nc6 17. Nh4 Be6 18. Qxe6 Qxe6 19. Bxe6 Ke7 20. Bb3 Ne5
21. Nf5+ Kd7 22. Nc4 Nd3 23. Re3 Nc5 24. Rd1 Re8 25. e5 fxe5 26. Nxe5+ Kc8 27.
Nxd6+ cxd6 28. Rxd6 Nxb3 29. axb3 Kc7 30. Rd7+ Kc8 31. Rxh7 Re6 32. Rg3 Re8 33.
f4 Kb8 34. Rgg7 Rxe5 35. fxe5 Kc8 36. Rh8# 1-0

[Event "BPB Limburg-open C"]
[Site "Maastricht"]
[Date "2015.05.24"]
[Round "5"]
[White "Allaart, Janne"]
[Black "Schoffelen, Jan"]
[Result "1-0"]
[WhiteElo "1451"]
[BlackElo "1410"]
[PlyCount "69"]
[EventDate "2015.05.22"]
[EventType "swiss"]
[EventRounds "7"]
[EventCountry "NED"]
[Source "P.Boonen"]
[SourceDate "2015.01.01"]

1. e4 c5 2. Nc3 Nc6 3. Nf3 d6 4. d4 cxd4 5. Nxd4 a6 6. Bc4 e6 7. O-O Nf6 8. Bg5
Ne5 9. Bb3 Bd7 10. Nf3 Nxf3+ 11. Qxf3 Be7 12. Rad1 Qc7 13. Rfe1 e5 14. Bxf6
Bxf6 15. Nd5 Qd8 16. Nxf6+ gxf6 17. Rxd6 Qa5 18. Red1 O-O-O 19. Qxf6 Be6 20.
Bxe6+ fxe6 21. Qxe6+ Kb8 22. Rxd8+ Rxd8 23. Rxd8+ Qxd8 24. Qxe5+ Ka8 25. Qd5
Qb6 26. Qb3 Qd6 27. h3 Qf4 28. Qg8+ Ka7 29. Qg3 Qc1+ 30. Kh2 Qxc2 31. e5 Qxb2
32. e6 Qxa2 33. e7 Qa4 34. Qe3+ b6 35. e8=Q 1-0

[Event "BPB Limburg-open C"]
[Site "Maastricht"]
[Date "2015.05.24"]
[Round "5"]
[White "Baselmans, Sam"]
[Black "Loutragotis, Paraskevas Pantelei"]
[Result "1-0"]
[WhiteElo "1586"]
[BlackElo "1562"]
[PlyCount "77"]
[EventDate "2015.05.22"]
[EventType "swiss"]
[EventRounds "7"]
[EventCountry "NED"]
[Source "P.Boonen"]
[SourceDate "2015.01.01"]

1. e4 e5 2. Nf3 Nc6 3. Bc4 Bc5 4. c3 Nf6 5. d3 d6 6. Bb3 O-O 7. h3 a6 8. Nbd2
b5 9. Nf1 h6 10. g4 d5 11. Qe2 Re8 12. Ng3 dxe4 13. dxe4 Na5 14. Bc2 Bf8 15.
Be3 Nc4 16. Rd1 Qe7 17. Bc1 g6 18. g5 hxg5 19. Nxg5 Nh7 20. Nxh7 Kxh7 21. h4
Bh6 22. Bxh6 Kxh6 23. b3 Na3 24. Qe3+ Kg7 25. Bd3 Rh8 26. h5 Bg4 27. f3 Bxh5
28. Kf2 Rad8 29. Rh2 Bxf3 30. Rxh8 Rxh8 31. Kxf3 Rh2 32. Rg1 Kh8 33. Qa7 Qf6+
34. Nf5 gxf5 35. Qb8+ Kh7 36. Qg8+ Kh6 37. exf5 c5 38. Qf8+ Kh7 39. Rg7+ 1-0

[Event "BPB Limburg-open C"]
[Site "Maastricht"]
[Date "2015.05.24"]
[Round "5"]
[White "Bertrand, Sjors"]
[Black "Disters, Ray"]
[Result "0-1"]
[WhiteElo "900"]
[BlackElo "900"]
[PlyCount "88"]
[EventDate "2015.05.22"]
[EventType "swiss"]
[EventRounds "7"]
[EventCountry "NED"]
[Source "P.Boonen"]
[SourceDate "2015.01.01"]

1. e4 b6 2. Nf3 Bb7 3. d3 e6 4. Nc3 Nf6 5. Be2 d6 6. O-O Be7 7. b3 h6 8. Bb2
Nbd7 9. Qd2 a6 10. Kh1 Nh7 11. Nd1 Bf6 12. c3 O-O 13. Ne3 Ne5 14. Nxe5 dxe5 15.
Rad1 Be7 16. c4 Bd6 17. Ng4 f6 18. a3 h5 19. Ne3 Qe8 20. Rc1 Qf7 21. Qd1 g6 22.
b4 c5 23. Bc3 Rad8 24. bxc5 Bxc5 25. Qb3 Qc7 26. Rcd1 a5 27. Bd2 Qe7 28. Nc2
Kg7 29. f4 exf4 30. Bxf4 e5 31. Be3 Qc7 32. Rf3 f5 33. Bc1 f4 34. Rff1 Bc8 35.
Ne1 Nf6 36. Nf3 Ng4 37. Bb2 Rfe8 38. d4 Ne3 39. dxc5 Rxd1 40. Rxd1 Nxd1 41.
cxb6 Nf2+ 42. Kg1 Qc5 43. Bxe5+ Rxe5 44. Nxe5 Nh3+ 0-1

[Event "BPB Limburg-open C"]
[Site "Maastricht"]
[Date "2015.05.24"]
[Round "5"]
[White "Beukema, Constantijn"]
[Black "De Cocq, Marc"]
[Result "1-0"]
[WhiteElo "1553"]
[BlackElo "1277"]
[PlyCount "85"]
[EventDate "2015.05.22"]
[EventType "swiss"]
[EventRounds "7"]
[EventCountry "NED"]
[Source "P.Boonen"]
[SourceDate "2015.01.01"]

1. e4 e5 2. Nf3 Nc6 3. d4 d6 4. d5 Nce7 5. Be2 f5 6. Nc3 f4 7. O-O h6 8. Bb5+
Bd7 9. Bxd7+ Qxd7 10. h3 Nf6 11. b4 O-O-O 12. a4 g5 13. a5 c6 14. dxc6 Nxc6 15.
b5 Nb8 16. Nd5 Nxd5 17. Qxd5 g4 18. Qc4+ Qc7 19. Qxc7+ Kxc7 20. hxg4 Nd7 21.
Rb1 Kb8 22. Ba3 Nf6 23. b6 a6 24. Rfd1 Nxe4 25. Rb3 Rc8 26. Rb2 Be7 27. Nxe5
Nc3 28. Bxd6+ Bxd6 29. Rxd6 Rce8 30. Ng6 Rhg8 31. Nxf4 Rxg4 32. Ne6 Nb5 33.
Rd8+ Rxd8 34. Nxd8 Kc8 35. Nf7 h5 36. c4 Nd4 37. Ra2 Nf3+ 38. Kf1 Nh2+ 39. Ke2
Rxg2 40. Rd2 Rg8 41. Rd5 Re8+ 42. Kd3 Rh8 43. Nxh8 1-0

[Event "BPB Limburg-open C"]
[Site "Maastricht"]
[Date "2015.05.24"]
[Round "5"]
[White "Beusen, Frank"]
[Black "Wolters, Vincent"]
[Result "0-1"]
[WhiteElo "1415"]
[BlackElo "1654"]
[PlyCount "106"]
[EventDate "2015.05.22"]
[EventType "swiss"]
[EventRounds "7"]
[EventCountry "NED"]
[Source "P.Boonen"]
[SourceDate "2015.01.01"]

1. d4 Nf6 2. c4 e6 3. Nf3 d5 4. Nc3 Be7 5. e3 O-O 6. Bd3 c5 7. cxd5 Nxd5 8.
Nxd5 Qxd5 9. O-O Nc6 10. Bb5 a6 11. Bxc6 Qxc6 12. Qc2 b5 13. dxc5 Qxc5 14. Qxc5
Bxc5 15. Rd1 Be7 16. Bd2 Bf6 17. Bc3 Bxc3 18. bxc3 Bb7 19. Ne1 Rac8 20. Rac1
Rc7 21. f3 Rfc8 22. a3 Kf8 23. Rd3 Ke7 24. Kf2 a5 25. Ke2 Ba6 26. Kd2 b4 27.
Rd4 bxc3+ 28. Kc2 Rb8 29. Rb1 Rbc8 30. Rb3 Rc5 31. Nd3 R5c7 32. Nc1 Bf1 33. g3
Bg2 34. f4 f5 35. Ne2 Be4+ 36. Rxe4 fxe4 37. Rxc3 Rxc3+ 38. Nxc3 Kf6 39. g4 e5
40. Kd2 exf4 41. exf4 e3+ 42. Kd3 Ke6 43. Ne2 Rb8 44. Nd4+ Kd5 45. Kxe3 Kc4 46.
Nc6 Rb3+ 47. Ke4 Rxa3 48. g5 a4 49. f5 Ra1 50. f6 gxf6 51. gxf6 Rf1 52. f7 Kc3
53. Ne5 Rf6 0-1

[Event "BPB Limburg-open C"]
[Site "Maastricht"]
[Date "2015.05.24"]
[Round "5"]
[White "Bijvank, Evelyn"]
[Black "Brandsma, Romayn"]
[Result "1-0"]
[WhiteElo "900"]
[BlackElo "900"]
[PlyCount "47"]
[EventDate "2015.05.22"]
[EventType "swiss"]
[EventRounds "7"]
[EventCountry "NED"]
[Source "P.Boonen"]
[SourceDate "2015.01.01"]

1. e4 c5 2. Nf3 d6 3. d4 cxd4 4. Nxd4 Nf6 5. Nc3 g6 6. Be3 Bg7 7. Bc4 O-O 8.
Qf3 Bg4 9. Qg3 Nc6 10. f3 Bc8 11. O-O-O e6 12. Bg5 h6 13. Bf4 e5 14. Nxc6 bxc6
15. Bxe5 Nh5 16. Qxg6 Qg5+ 17. Qxg5 hxg5 18. Bxg7 Nxg7 19. Rxd6 Bb7 20. g4 Rab8
21. h4 gxh4 22. Rxh4 Ne6 23. g5 Nxg5 24. Rg6# 1-0

[Event "BPB Limburg-open C"]
[Site "Maastricht"]
[Date "2015.05.24"]
[Round "5"]
[White "Bloem, Robert"]
[Black "Kusse, Marcel"]
[Result "0-1"]
[WhiteElo "1249"]
[BlackElo "1520"]
[PlyCount "70"]
[EventDate "2015.05.22"]
[EventType "swiss"]
[EventRounds "7"]
[EventCountry "NED"]
[Source "P.Boonen"]
[SourceDate "2015.01.01"]

1. e4 d5 2. e5 c5 3. Bb5+ Bd7 4. Bxd7+ Qxd7 5. Nf3 Nc6 6. c3 e6 7. d3 Nge7 8.
Be3 Ng6 9. O-O Ncxe5 10. Nxe5 Nxe5 11. d4 cxd4 12. cxd4 Nc4 13. Qc2 Bd6 14. Nd2
Nxd2 15. Qxd2 O-O 16. Qd3 Rac8 17. Bg5 Rc4 18. Rfe1 Rfc8 19. g3 Rc2 20. Rab1
Qa4 21. a3 Qc4 22. Qe3 e5 23. dxe5 Bc5 24. Qf3 Bxf2+ 25. Kg2 Bxe1+ 26. Kh3 Ba5
27. e6 fxe6 28. Be7 Qe2 29. Qf4 Qxh2+ 30. Kg4 h5+ 31. Kg5 Bd2 32. Qxd2 Rxd2 33.
Rf1 Qxg3+ 34. Kxh5 Rh2+ 35. Bh4 Rxh4# 0-1

[Event "BPB Limburg-open C"]
[Site "Maastricht"]
[Date "2015.05.24"]
[Round "5"]
[White "Boesmans, Peter"]
[Black "Harder, Cindy"]
[Result "1-0"]
[WhiteElo "1286"]
[BlackElo "900"]
[PlyCount "57"]
[EventDate "2015.05.22"]
[EventType "swiss"]
[EventRounds "7"]
[EventCountry "NED"]
[Source "P.Boonen"]
[SourceDate "2015.01.01"]

1. e4 e5 2. Nf3 Nc6 3. d4 d6 4. d5 Nce7 5. Nc3 Nf6 6. Bg5 Ng6 7. Bb5+ Bd7 8.
Qe2 c6 9. Ba4 b5 10. Bb3 Be7 11. O-O O-O 12. dxc6 Bxc6 13. Nxb5 a6 14. Nc3 Nf4
15. Bxf4 exf4 16. Rad1 Bd7 17. h3 Qc8 18. e5 Bxh3 19. gxh3 Qxh3 20. exf6 Bxf6
21. Nh2 Be5 22. Qg4 Qh6 23. f3 Rae8 24. Rf2 Kh8 25. Rg2 f5 26. Qg5 Qh3 27. a3
h6 28. Qg6 Rf6 29. Qxe8+ 1-0

[Event "BPB Limburg-open C"]
[Site "Maastricht"]
[Date "2015.05.24"]
[Round "5"]
[White "Boons, Lucien"]
[Black "Kalkman de Koster, Franzke"]
[Result "0-1"]
[WhiteElo "1630"]
[BlackElo "1558"]
[PlyCount "88"]
[EventDate "2015.05.22"]
[EventType "swiss"]
[EventRounds "7"]
[EventCountry "NED"]
[Source "P.Boonen"]
[SourceDate "2015.01.01"]

1. e4 c5 2. Nf3 Nc6 3. Nc3 a6 4. d4 cxd4 5. Nxd4 d6 6. Be2 e6 7. O-O g6 8. Bf3
e5 9. Nde2 Be6 10. Nd5 Bxd5 11. Qxd5 Be7 12. c3 Nf6 13. Qd1 h5 14. Bg5 Nh7 15.
Bxe7 Qxe7 16. h3 Ng5 17. Ng3 Qf6 18. Qe2 Nxf3+ 19. gxf3 h4 20. Nh1 Rh5 21. f4
Qxf4 22. f3 Rg5+ 23. Kf2 Qh2+ 24. Ke1 Rg2 25. Nf2 Qg3 26. Kd2 Qf4+ 27. Kc2 Rc8
28. Kd1 Qg3 29. Rc1 Qf4 30. Rc2 Rg3 31. Qd3 Qxf3+ 32. Qxf3 Rxf3 33. Re2 Na5 34.
Rfe1 Nc4 35. Ng4 Rxh3 36. Nf6+ Ke7 37. Nd5+ Ke6 38. b3 Rd3+ 39. Kc2 Rg3 40.
bxc4 Rxc4 41. Rf1 f5 42. Ne3 Rxe3 43. Rfe1 f4 44. Rf1 Rxe2+ 0-1

[Event "BPB Limburg-open C"]
[Site "Maastricht"]
[Date "2015.05.24"]
[Round "5"]
[White "Borsten, Chris"]
[Black "Schlosser, Mathias"]
[Result "1-0"]
[WhiteElo "1557"]
[BlackElo "1720"]
[PlyCount "56"]
[EventDate "2015.05.22"]
[EventType "swiss"]
[EventRounds "7"]
[EventCountry "NED"]
[Source "P.Boonen"]
[SourceDate "2015.01.01"]

1. e4 e5 2. Nf3 Nc6 3. Nc3 Be7 4. Bc4 Nf6 5. d3 d6 6. h3 O-O 7. O-O Na5 8. Bb3
Nxb3 9. axb3 Be6 10. Be3 Nd7 11. d4 exd4 12. Nxd4 Bf6 13. f4 Nb6 14. Nxe6 fxe6
15. Qg4 Qe7 16. Rad1 Bxc3 17. bxc3 Nd7 18. Qf3 a6 19. g4 Rae8 20. g5 g6 21. Qg4
Rf7 22. h4 Ref8 23. h5 c6 24. h6 d5 25. e5 Nc5 26. Bd4 Ne4 27. b4 Rf5 28. Rde1
Nxg5 {.....} 1-0

[Event "BPB Limburg-open C"]
[Site "Maastricht"]
[Date "2015.05.24"]
[Round "5"]
[White "Chappin, Rene"]
[Black "Han, Yichen"]
[Result "1/2-1/2"]
[WhiteElo "1608"]
[BlackElo "1117"]
[PlyCount "49"]
[EventDate "2015.05.22"]
[EventType "swiss"]
[EventRounds "7"]
[EventCountry "NED"]
[Source "P.Boonen"]
[SourceDate "2015.01.01"]

1. c4 e5 2. Nc3 Nf6 3. g3 d5 4. cxd5 Nxd5 5. Bg2 Be6 6. d3 Nc6 7. Nf3 f6 8. O-O
Qd7 9. a3 O-O-O 10. Nxd5 Bxd5 11. Qa4 Bc5 12. b4 Bb6 13. Bb2 Nd4 14. Qxd7+ Rxd7
15. Nxd4 Bxg2 16. Kxg2 Bxd4 17. Bxd4 Rxd4 18. Rfc1 Kd7 19. Rc4 Rxc4 20. dxc4
Ke6 21. Rd1 Re8 22. Kf3 Re7 23. g4 Rd7 24. Rxd7 Kxd7 25. e4 1/2-1/2

[Event "BPB Limburg-open C"]
[Site "Maastricht"]
[Date "2015.05.24"]
[Round "5"]
[White "Cheng, Fon Kee"]
[Black "Disters, Ingrid"]
[Result "0-1"]
[WhiteElo "1235"]
[BlackElo "1182"]
[PlyCount "80"]
[EventDate "2015.05.22"]
[EventType "swiss"]
[EventRounds "7"]
[EventCountry "NED"]
[Source "P.Boonen"]
[SourceDate "2015.01.01"]

1. e4 c6 2. d4 d5 3. e5 c5 4. Nf3 Bg4 5. Be3 Nc6 6. Be2 Bxf3 7. Bxf3 e6 8. c3
Nge7 9. Bg5 Qc7 10. Bh5 Nf5 11. Be3 Be7 12. Be2 O-O 13. g4 Nxe3 14. fxe3 Bh4+
15. Kd2 Qb6 16. b3 Bg5 17. h4 Be7 18. g5 cxd4 19. exd4 Rac8 20. Bd3 Nxd4 21.
cxd4 Qxd4 22. Nc3 Qxc3+ 23. Ke2 Qxe5+ 24. Kf3 Bc5 25. Qe2 Qd6 26. Qh2 Qc6 27.
Rac1 Qb6 28. Qc2 e5 29. Bxh7+ Kh8 30. Bf5 e4+ 31. Kg2 Rc7 32. h5 Bd6 33. Qb2
Qe3 34. Rh3 Qxg5+ 35. Kf2 Qxf5+ 36. Ke2 Qxh3 37. Qxg7+ Kxg7 38. Rg1+ Kh6 39.
Rf1 Rc2+ 40. Kd1 Qd3+ 0-1

[Event "BPB Limburg-open C"]
[Site "Maastricht"]
[Date "2015.05.24"]
[Round "5"]
[White "Daems, Jan"]
[Black "Bauer, Juri"]
[Result "0-1"]
[WhiteElo "1099"]
[BlackElo "1418"]
[PlyCount "40"]
[EventDate "2015.05.22"]
[EventType "swiss"]
[EventRounds "7"]
[EventCountry "NED"]
[Source "P.Boonen"]
[SourceDate "2015.01.01"]

1. e4 c6 2. Bc4 d5 3. exd5 cxd5 4. Bb3 Bf5 5. c4 d4 6. Qf3 Qd7 7. g4 Bxb1 8.
Rxb1 e5 9. c5 Bxc5 10. d3 Bb4+ 11. Bd2 Bxd2+ 12. Kxd2 Nc6 13. g5 h6 14. Nh3 Qe7
15. g6 fxg6 16. Ba4 Qd6 17. Bb3 Nf6 18. a3 g5 19. Ba4 g4 20. Bxc6+ bxc6 0-1

[Event "BPB Limburg-open C"]
[Site "Maastricht"]
[Date "2015.05.24"]
[Round "5"]
[White "De Bock, Thijs"]
[Black "Vossen, Patrick"]
[Result "1-0"]
[WhiteElo "1621"]
[BlackElo "1453"]
[PlyCount "98"]
[EventDate "2015.05.22"]
[EventType "swiss"]
[EventRounds "7"]
[EventCountry "NED"]
[Source "P.Boonen"]
[SourceDate "2015.01.01"]

1. e4 c6 2. d4 d5 3. Nc3 dxe4 4. Nxe4 Bf5 5. Ng3 Bg6 6. h4 h6 7. Nf3 Nd7 8. h5
Bh7 9. Bd3 Bxd3 10. Qxd3 e6 11. Bf4 Qa5+ 12. c3 Ngf6 13. Ne5 Rd8 14. Ne4 Nxe5
15. Bxe5 Be7 16. Bxf6 Bxf6 17. Nxf6+ gxf6 18. f4 Rg8 19. Qf3 f5 20. Rh3 Qd5 21.
Rg3 Ke7 22. Kf2 Qxf3+ 23. Kxf3 Rxg3+ 24. Kxg3 b5 25. Kf3 Kd6 26. a4 a6 27. axb5
axb5 28. Ra7 Rf8 29. b3 c5 30. Ke3 c4 31. bxc4 bxc4 32. Kf3 Kd5 33. Rc7 f6 34.
Rd7+ Kc6 35. Rh7 e5 36. fxe5 fxe5 37. Rxh6+ Kd5 38. dxe5 Kxe5 39. Ra6 Rd8 40.
h6 Rh8 41. Rb6 Rh7 42. Kg3 Ke4 43. Kh4 Rh8 44. Kg5 Rg8+ 45. Rg6 Rh8 46. Rg7 Kd3
47. h7 Kxc3 48. Kxf5 Kb2 49. Rb7+ Ka3 {.....} 1-0

[Event "BPB Limburg-open C"]
[Site "Maastricht"]
[Date "2015.05.24"]
[Round "5"]
[White "De Goede, Jose"]
[Black "Wenzel, Jakoba"]
[Result "0-1"]
[WhiteElo "952"]
[BlackElo "1176"]
[PlyCount "86"]
[EventDate "2015.05.22"]
[EventType "swiss"]
[EventRounds "7"]
[EventCountry "NED"]
[Source "P.Boonen"]
[SourceDate "2015.01.01"]

1. e4 e6 2. Nc3 b6 3. Bc4 Bc5 4. d4 Bb4 5. Bd2 Bb7 6. Nf3 Bxc3 7. Bxc3 Bxe4 8.
d5 Qe7 9. Bxg7 exd5 10. Bxh8 Bxc2+ 11. Qe2 dxc4 12. Be5 Bd3 13. Qe3 Nc6 14. b3
Nb4 15. Nd4 f6 16. Bxc7 Rc8 17. Qxe7+ Nxe7 18. Bd6 Nec6 19. Nxc6 Nc2+ 20. Kd2
Rxc6 21. Rac1 Rxd6 22. bxc4 Bg6+ 23. Kc3 Nd4 24. Rhe1+ Kf7 25. Rcd1 Ne2+ 26.
Kb4 a5+ 27. Kb5 Nc3+ 28. Ka6 Nxd1 29. Re2 Nc3 30. Rb2 Bd3 31. Rxb6 Bxc4+ 32.
Kxa5 Rxb6 33. Kxb6 d6 34. a3 Ke6 35. Ka5 Na2 36. Ka4 d5 37. g4 d4 38. f4 d3 39.
f5+ Ke5 40. h4 d2 41. g5 d1=Q+ 42. Ka5 Qd8+ 43. Ka4 Qa8# 0-1

[Event "BPB Limburg-open C"]
[Site "Maastricht"]
[Date "2015.05.24"]
[Round "5"]
[White "Deckers, Mano"]
[Black "Dethier, Krista"]
[Result "0-1"]
[WhiteElo "1309"]
[BlackElo "1325"]
[PlyCount "54"]
[EventDate "2015.05.22"]
[EventType "swiss"]
[EventRounds "7"]
[EventCountry "NED"]
[Source "P.Boonen"]
[SourceDate "2015.01.01"]

1. d4 d5 2. f3 Nf6 3. g4 g6 4. g5 Nh5 5. f4 Qd6 6. e3 f6 7. Qf3 Bf5 8. Bd3 Bxd3
9. cxd3 c6 10. Nc3 Nd7 11. Nge2 O-O-O 12. O-O e5 13. e4 exf4 14. gxf6 Qxf6 15.
Bxf4 Nxf4 16. Qxf4 Bg7 17. e5 Qxf4 18. Rxf4 Bh6 19. Rf3 Rde8 20. Re1 c5 21.
Nxd5 cxd4 22. Nxd4 Nxe5 23. Rf2 Nxd3 24. Nb5 Rxe1+ 25. Kg2 Nxf2 26. Kxf2 Re5
27. Nbc3 Rf8+ 0-1

[Event "BPB Limburg-open C"]
[Site "Maastricht"]
[Date "2015.05.24"]
[Round "5"]
[White "Elisen, Peter"]
[Black "Nguyen, Lucas"]
[Result "1/2-1/2"]
[WhiteElo "1500"]
[BlackElo "1552"]
[PlyCount "64"]
[EventDate "2015.05.22"]
[EventType "swiss"]
[EventRounds "7"]
[EventCountry "NED"]
[Source "P.Boonen"]
[SourceDate "2015.01.01"]

1. d4 Nf6 2. g3 e6 3. Bg2 Nc6 4. c4 Bb4+ 5. Nc3 O-O 6. Nf3 b6 7. O-O Ba6 8. Ne5
Bb7 9. Nxc6 Bxc6 10. d5 exd5 11. cxd5 Bb7 12. Qb3 Bxc3 13. bxc3 a5 14. Rd1 Re8
15. e3 a4 16. Qc2 Ra5 17. c4 d6 18. e4 Nd7 19. Bb2 Nc5 20. Re1 c6 21. e5 cxd5
22. exd6 Ne4 23. Bxe4 dxe4 24. Qc3 f6 25. Rad1 Qd7 26. Re3 Re6 27. Qb4 Ra6 28.
Qb5 Qxb5 29. cxb5 Ra8 30. Rc3 Rae8 31. Rdc1 Rb8 32. Ba3 Rd8 1/2-1/2

[Event "BPB Limburg-open C"]
[Site "Maastricht"]
[Date "2015.05.24"]
[Round "5"]
[White "Fortenbacher, Dominic"]
[Black "Kokolakis, Panagiotis"]
[Result "0-1"]
[WhiteElo "1520"]
[BlackElo "1379"]
[PlyCount "27"]
[EventDate "2015.05.22"]
[EventType "swiss"]
[EventRounds "7"]
[EventCountry "NED"]
[Source "P.Boonen"]
[SourceDate "2015.01.01"]

1. e4 e5 2. Nf3 Nc6 3. Bc4 Bc5 4. c3 Nf6 5. d4 exd4 6. e5 d5 7. Bb3 Ne4 8. cxd4
Bb4+ 9. Bd2 Bxd2+ 10. Nbxd2 Bg4 11. h3 Nxd2 12. Qxd2 Bxf3 13. gxf3 Ne7 14. Rg1
{.....} 0-1

[Event "BPB Limburg-open C"]
[Site "Maastricht"]
[Date "2015.05.24"]
[Round "5"]
[White "Godde, Matthias"]
[Black "Muntean, Felix"]
[Result "1-0"]
[WhiteElo "1562"]
[BlackElo "900"]
[PlyCount "79"]
[EventDate "2015.05.22"]
[EventType "swiss"]
[EventRounds "7"]
[EventCountry "NED"]
[Source "P.Boonen"]
[SourceDate "2015.01.01"]

1. d4 d5 2. Nf3 Bf5 3. e3 e6 4. Bd3 Nf6 5. Bxf5 exf5 6. Qd3 Bd6 7. Qxf5 O-O 8.
O-O Ne4 9. Nbd2 Nf6 10. b3 Nc6 11. Bb2 Nb4 12. a3 Nc6 13. c4 Ne7 14. Qc2 Nc6
15. Rac1 Qe7 16. c5 Bxh2+ 17. Kxh2 Ng4+ 18. Kg1 Qf6 19. b4 Qh6 20. b5 Ne7 21.
e4 c6 22. bxc6 bxc6 23. exd5 Nxd5 24. Qf5 Ngf6 25. Qg5 Qxg5 26. Nxg5 Rab8 27.
Rb1 Rbe8 28. Rfe1 Rxe1+ 29. Rxe1 Nf4 30. Re7 Nd3 31. Ba1 a5 32. Nde4 Nd5 33.
Rb7 h6 34. Nf3 Re8 35. Ne5 f6 36. Nxf6+ gxf6 37. Nxd3 Re7 38. Rb8+ Kg7 39. Rc8
Rd7 40. Rxc6 {.....} 1-0

[Event "BPB Limburg-open C"]
[Site "Maastricht"]
[Date "2015.05.24"]
[Round "5"]
[White "Godding, Mick"]
[Black "Patil, Mahesh"]
[Result "1-0"]
[WhiteElo "1616"]
[BlackElo "1553"]
[PlyCount "75"]
[EventDate "2015.05.22"]
[EventType "swiss"]
[EventRounds "7"]
[EventCountry "NED"]
[Source "P.Boonen"]
[SourceDate "2015.01.01"]

1. e4 c5 2. d4 cxd4 3. c3 dxc3 4. Nxc3 d6 5. Bc4 Nc6 6. Nf3 e6 7. O-O Be7 8.
Bf4 Nf6 9. Re1 O-O 10. Qe2 e5 11. Bg3 Bg4 12. Qe3 Rc8 13. Be2 Nb4 14. Rac1 a6
15. Red1 Nh5 16. Nxe5 Bg5 17. f4 Bxe2 18. Nxe2 Rxc1 19. Qxc1 Nxg3 20. hxg3 Qb6+
21. Kh2 dxe5 22. fxg5 Nxa2 23. Qc4 Qxb2 24. Rd7 b5 25. Qd3 Nb4 26. Qd1 Nc6 27.
Rd6 Rc8 28. Rxc6 Ra8 29. Rxa6 Rf8 30. Ng1 g6 31. Nf3 b4 32. Rb6 Kg7 33. Qd5 Re8
34. Rb7 Rf8 35. Nxe5 h6 36. Rxf7+ Rxf7 37. Qxf7+ Kh8 38. Nxg6# 1-0